• 首页
  • 本馆介绍
  • 公告通知
  • 最新文献
  • 馆藏检索
  • 电子资源
  • 读者导购
  • 参考咨询
  • 我的图书馆
  • 登录
  • 详细信息显示
  • 放入我的书架
  • 预约/预借图书
  • 作者相关作品
  • 分类相关作品
  • 丛书相关作品
  • 出版社相关作品

书目信息

  • 表格格式
  • 工作单格式
  • 卡片格式
题名:
汉字的起源
    
 
作者: 王显春 著
分册:  
出版信息: 上海   学林出版社  2002
页数: 131页
开本: 20cm
丛书名:
单 册:
中图分类: H12
科图分类:
主题词: 汉字--字源--研究
电子资源:
ISBN: 7-80668-228-7
000 00526nam0 2200193 45
001 0401270794
005 20040127072055.1
010    @a7-80668-228-7@dCNY9.00
100    @a20040127d2002 km y0chiy0120 ea
101 0  @achi
105    @ah z 000yy
200 1  @a汉字的起源@AHan Zi De Qi Yuan@f王显春著@FWang Xian Chun Zhu
210    @a上海@c学林出版社@d2002
215    @a131页@c图@d20cm
606 0  @a汉字@x字源@x研究
690    @aH12@v4
701  0 @a王显春@4著
801    @aCN@bTSTCL@c20040127
905    @b332617-621@dH12@e100@f5
    
    汉字的起源/王显春著.-上海:学林出版社,2002
    131页:图;20cm
    
    
    ISBN 7-80668-228-7:CNY9.00
    
●
相关链接 在E读中查询图书 在五车中查询图书 在当当中查询图书 在豆瓣中查询图书


正题名:汉字的起源     索取号:H12/100         预约/预借

序号 登录号 条形码 馆藏地/架位号 状态 备注
1 0332617   203326178   第四借阅区/ [索取号:H12/100] 在馆    
2 0332618   203326187   第四借阅区/ [索取号:H12/100] 在馆    
3 0332619   203326196   第四借阅区/ [索取号:H12/100] 在馆    
4 0332620   203326203   第四借阅区/ [索取号:H12/100] 在馆    
5 0332621   203326212   第二样本阅览室/ [索取号:H12/100] 在馆    
6 0332938   203329380   第四借阅区/ [索取号:H12/100] 在馆    
唐山师范学院图书馆 欢迎您!
大连网信软件有限公司© 版权所有